| 000 | 00396nam a2200145Ia 4500 | ||
|---|---|---|---|
| 008 | 231129s1995||||xx |||||||||||||| ||spa|| | ||
| 020 | _a958-04-3058-6 | ||
| 040 | _bspa | ||
| 082 | _aM861 Z21r | ||
| 100 | _aZaid Gabriel | ||
| 245 | 0 | _aReloj de sol | |
| 260 | _c1995 | ||
| 264 | _aSantafé de Bogotá (Colombia): Grupo Editorial Norma | ||
| 942 |
_2ddc _cBKS |
||
| 999 |
_c23960 _d23960 |
||